| 000 | 00522nam a2200157Ia 4500 | ||
|---|---|---|---|
| 008 | 160316s1972 xxu||||| |||| 00| 0 eng d | ||
| 082 |
_a341.762000 _bBLA |
||
| 100 | _aBlack Cyril E | ||
| 245 | _aThe future of the international legal order.Vol.4 : The structure of the international environment | ||
| 250 | _a | ||
| 260 |
_aNew Jersy _bPrinceton University Press _c1972 |
||
| 300 |
_a637p _b _cxvi |
||
| 365 | _b$25.00 | ||
| 650 | _a1.International Law - Future Legal Order - Environmental Law | ||
| 700 |
_aFolk Richard A _a |
||
| 999 |
_c4200 _d4200 |
||